000
00314nam a22001337a 4500
008
190204b xxu||||| |||| 00| 0 eng d
020
_a
0471869805
041
_a
eng
080
_a
316
100
_a
50
101
_a
SOC
245
_a
Social Problems. Definition impact and solution
_c
Stimson, J
942
_2
udc
_c
BK
999
_c
53923
_d
53923